[Event "RUS-ch Superfinal 60th"]
[Site "Moscow"]
[Date "2007.12.18"]
[Round "1"]
[White "Amonatov, Farrukh"]
[Black "Timofeev, Artyom"]
[Result "1-0"]
[WhiteElo "2637"]
[BlackElo "2637"]
[Annotator "Ftacnik,L"]
[PlyCount "63"]
[EventDate "2007.12.18"]
[EventType "tourn"]
[EventRounds "11"]
[EventCountry "RUS"]
[EventCategory "17"]
[SourceTitle "CBM 122"]
[Source "ChessBase"]
[SourceDate "2008.01.30"]
[SourceVersion "1"]
[SourceVersionDate "2008.01.30"]
[SourceQuality "1"]

1. e4 c5 2. Nf3 e6 3. d4 cxd4 4. Nxd4 Nc6 5. Nc3 d6 6. Be3 Nf6 7. Bc4 Be7 8.
Qe2 a6 9. O-O-O O-O 10. Bb3 Nd7 {An important subtlety in this very sharp
opening. Black is trying to get away without the need to play Qc7 as in the
positions with opposite castling each move is worth its weight in gold.} 11.
Kb1 (11. f4 Nc5 12. Nxc6 Nxb3+ 13. cxb3 $5 bxc6 14. e5 d5 15. Qf2 f6 $13 {
0-1 Novikov,S (2562)-Dreev,A (2606)/Krasnoyarsk 2007 (35)}) 11... Qc7 {
Timofeev's play in these championships showed that he was in truly bad form.
Usually this is manifest even in tiny decisions, as when now Black sidesteps
the promising line 11...Nxd4 as well as the original 11...Qe8.} 12. f4 $1 Nc5
13. f5 Ne5 $2 {One of the important aspects of Black's counterplay was to keep
up the pressure on the d4-square. The move of the knight to e5 does not solve
anything, but frees the hands of his opponent for speedy progress on the
kingside.} (13... Nxb3 14. axb3 Bf6 (14... Bd7 15. Rhf1 (15. Nxc6 bxc6 16. Rhf1
Rfb8 17. f6 gxf6 18. e5 dxe5 19. Ne4 f5 20. Bc5 Be8 21. Nd6 f6 22. Qc4 Bf7 $15
{1/2-1/2 Reeh,O-Borik,O/Germany/1985/ (29)}) 15... Ne5 (15... Bf6 16. g4 Rfe8
17. Qf2 b5 18. g5 Be5 19. h4 Nxd4 20. Bxd4 b4 21. Bxe5 dxe5 22. f6 g6 23. Na4
Bb5 $13 {0-1 Steiner,B-Wittmann,W/Austria/1994/ (67)}) 16. Nf3 $1 Bc6 17. Nxe5
dxe5 18. fxe6 fxe6 19. Qg4 Rxf1 20. Rxf1 Qd7 21. Rd1 Qc8 22. h4 Kh8 23. Bg5 $14
{'1/2-1/2 De Firmian,N-Ivanchuk,V/Biel/1989/ (23)'}) 15. Qd2 $1 Bd7 (15... Rd8
16. g4 $14) 16. Nf3 Rad8 17. Bg5 Bxg5 18. Qxg5 f6 19. Qf4 Bc8 20. fxe6 Bxe6 21.
Rd2 f5 22. Ng5 Bc8 23. exf5 Bxf5 24. Qc4+ Kh8 25. Ne6 Bxe6 26. Qxe6 $14 {
1-0 Dominguez,L (2613)-Galliamova,A (2505)/Esbjerg 2002 (63)}) (13... Bf6 14.
g4 Re8 15. fxe6 (15. g5 $2 Bxd4 16. Bxd4 Nxb3 17. axb3 exf5 $17) 15... fxe6 16.
Rhf1 (16. Nf5 $2 Nxb3 17. Nxd6 Rd8 18. Nxc8 Nbd4 $19) 16... Bxd4 $1 17. Bxd4
Nxd4 18. Rxd4 Nxb3 19. axb3 (19. cxb3 $5 b5 20. Qd3 Rd8 $13) 19... b5 20. Rfd1
(20. e5 $2 dxe5 21. Re4 Bd7 22. Rxe5 b4 23. Na4 Bb5 $19) 20... Rd8 21. e5 (21.
Qd3 e5 22. Rxd6 Rxd6 23. Qxd6 Qxd6 24. Rxd6 Bxg4 25. Rd5 Re8 $11) 21... d5 22.
Qe3 Bd7 23. Ne2 a5 24. Rf4 Be8 25. Nd4 Bg6 $1 {0-1 Dervishi,E (2491)
-Thorfinnsson,B (2292)/Ohrid 2001/ (33) The pressure along the b1-h7 diagonal
is a perfect complement to the advance of the a-pawn. White is struggling with
distinct problems.}) (13... Na5 14. Rhf1 Bf6 15. fxe6 fxe6 16. g4 Naxb3 17.
axb3 Bd7 18. g5 Be5 19. Rxf8+ Rxf8 20. b4 Na4 {1/2-1/2 Reeh,O-Lanka,Z/Gausdal/
1994/ (24)}) 14. g4 (14. Nf3 Bd7 15. Nxe5 (15. fxe6 fxe6 16. Bxc5 Qxc5 17. Nd5
$1 Rae8 $14) 15... dxe5 16. f6 gxf6 (16... Bxf6 $2 17. Bxc5 Qxc5 18. Rxd7) 17.
Bh6 Kh8 18. Bxf8 Rxf8 $44 19. Qh5 b5 20. Rhe1 b4 21. Re3 {1-0 Zapolskis,A 
(2370)-Sherbakov,R (2505)/Warsaw 1991 (56)}) 14... b5 15. a3 $1 {Shortly after
this simple move it will become clear, that the advance of the counterplay on
the queenside will be truly problematic. On the other hand Amonatov's
onslaught on the other side of the board will meet feeble resistance.} (15. g5
$6 b4 16. Na4 Bd7 17. Nxc5 dxc5 18. f6 $13) 15... Rb8 (15... Nxb3 16. cxb3 b4
17. axb4 Rb8 18. g5 Rxb4 19. Rhg1 $40) 16. g5 Re8 {The standard location of
the rook on the e8-square e8 will not lead to counterplay along the e-file in
this game.} (16... Nxb3 17. cxb3 b4 18. axb4 Rxb4 19. Rhg1 $40) 17. h4 b4 18.
axb4 Nxb3 19. cxb3 Rxb4 20. f6 {[%mdl 128] The attacker was keeping open doors
for all sorts of pawn breaks. Finally he decided to use the f-pawn as a front
runner.} (20. h5 Nc6 21. Rhg1 $40) 20... Bd8 (20... gxf6 21. gxf6 (21. Rdf1 $5
f5 (21... Qd8 22. gxf6 Bxf6 23. Qf2 Bg7 24. Rhg1 f6 25. Qg3 Qc7 26. h5 $18) 22.
exf5 Qa5 (22... Qb7 23. g6 $1 fxg6 24. fxg6 hxg6 25. h5 g5 26. h6 Kh8 27. Qh5
Rd8 28. Rfg1 Qd7 29. Bxg5) 23. fxe6 Bxe6 (23... fxe6 24. Qh5 Bd7 25. g6 hxg6
26. Rhg1 $18) 24. Nxe6 fxe6 25. Qh5 Rf8 (25... Ng6 26. Rf7 Kxf7 27. Qxh7+ Kf8
28. Rf1+ $18) 26. Rxf8+ Bxf8 27. Qe8 Qc7 28. Qxe6+ Qf7 29. Qxf7+ Kxf7 30. Kc2
$16) 21... Bxf6 22. Rhg1+ Kh8 (22... Kf8 $2 23. Bh6+ Ke7 24. Nf5+ exf5 25. Nd5+
) 23. Qf2 Qe7 24. Bh6 Bb7 25. h5 $14) (20... Bf8 21. h5 $16) 21. h5 Bb7 (21...
gxf6 22. gxf6 Kh8 (22... Bxf6 23. Qf2 Qe7 24. Rdf1 Bg7 25. Rhg1 Kh8 26. h6 Bf8
27. Bg5 $18 (27. Nc6 Nxc6 28. Qg3 $18)) 23. Rdf1 Rg8 24. Rhg1 Rxg1 25. Rxg1
Bxf6 26. Qg2 Ng6 (26... Qd8 27. Bh6 $18) 27. hxg6 fxg6 28. Rc1 Qd7 29. Qd2 $18)
22. fxg7 h6 {Timofeev had probably calculated, that the automatic recapture of
the g7-pawn would lead to a rapid disaster after 23.g6! His defensive setup is
very original, but on h7 the black king has no real chance of surviving.} (
22... Kxg7 23. g6 $1 fxg6 (23... hxg6 24. hxg6 Nxg6 25. Qh5 Rh8 26. Bh6+ Kg8
27. Rdg1 $18) (23... f6 24. Rdg1 Kh8 25. Bh6 $18) 24. hxg6 hxg6 (24... Nxg6 25.
Rxh7+ Kxh7 26. Qh5+ Kg7 27. Qh6+ Kg8 28. Qxg6+ $18) 25. Qh2 Nf7 26. Qh7+ Kf8
27. Rdf1 $18) 23. gxh6 Kh7 24. Rhg1 Rg8 (24... Qe7 25. g8=Q+ Rxg8 26. Rxg8 Kxg8
27. Qg2+ $18) 25. Qg2 {Amonatov will concentrate his attention on the idea of
the charming mating pattern with the queen sacrifice on the g6 square.} Qe7 (
25... Bf6 26. Nxe6 $1 fxe6 27. Qg6+ Nxg6 28. hxg6#) 26. Nf3 Bb6 (26... Bxe4+
27. Nxe4 Rxe4 28. Ng5+) (26... Nxf3 27. Qg6+ $1 fxg6 28. hxg6#) 27. Ng5+ (27.
Nxe5 Bxe3 28. Ng4 Bxg1 29. Rxg1 $18) 27... Kxh6 28. Nxf7+ Kh7 29. Qg6+ $1 {
This spirited combination uses the central motif of the queen sacrifice on the
g6 square.} Nxg6 30. hxg6+ Kxg7 31. Bh6+ Kf6 32. Rdf1+ 1-0

[Event "RUS-ch Superfinal 60th"]
[Site "Moscow"]
[Date "2007.12.24"]
[Round "6"]
[White "Dreev, Alexey"]
[Black "Jakovenko, Dmitrij"]
[Result "1-0"]
[WhiteElo "2607"]
[BlackElo "2710"]
[Annotator "Ftacnik,L"]
[PlyCount "89"]
[EventDate "2007.12.18"]
[EventType "tourn"]
[EventRounds "11"]
[EventCountry "RUS"]
[EventCategory "17"]
[SourceTitle "CBM 122"]
[Source "ChessBase"]
[SourceDate "2008.01.30"]
[SourceVersion "1"]
[SourceVersionDate "2008.01.30"]
[SourceQuality "1"]

1. d4 Nf6 2. c4 e6 3. Nc3 Bb4 4. Qc2 O-O 5. a3 Bxc3+ 6. Qxc3 b6 7. Bg5 Bb7 8.
e3 d6 9. Qc2 Nbd7 10. Rd1 Rc8 11. Ne2 c5 12. Nc3 cxd4 13. Rxd4 Rc5 14. Bh4 Qa8
15. Be2 {The supermodern opening shows that Black does not have to defend the
central pawn and the tension can be resolved by a counterblow along the a8-h1
diagonal.} (15. Bd3 Qb8 16. Bg3 e5 17. Rh4 h6 18. O-O d5 19. Qe2 dxc4 20. Rxc4
Rd8 21. Rd1 $14 {1-0 Karpov,A (2670)-Grischuk,A (2715)/Moscow 2007 (48)}) (15.
f3 d5 16. Bd3 e5 17. Rxd5 Bxd5 18. cxd5 Nxd5 19. Bxh7+ Kh8 20. Be4 Qc8 21. Bxd5
Rxd5 22. Be7 Re8 23. e4 Ra5 24. Bb4 Ra6 25. O-O Nc5 26. Rc1 Re6 {1/2 Khenkin,I
(2603)-Volokitin,A (2666)/Germany 2006}) 15... d5 16. Qd1 (16. b4 Rcc8 17. O-O
e5 (17... dxc4 18. f3 Ne5 19. Bxf6 gxf6 20. Nb5 Qb8 21. Nd6 Rcd8 $11 {0-1
Kasimdzhanov,R (2690)-Grischuk,A (2715)/Moscow 2007 (33)}) 18. Rd2 d4 (18...
dxc4 19. f3 $1 $14) 19. exd4 Bxg2 20. Rfd1 exd4 21. Rxd4 Bh3 22. Ne4 Nxe4 23.
Qxe4 Qxe4 24. Rxe4 $14 {1-0 Bareev,E (2701)-Efimenko,Z (2648)/Turin 2006 (42)})
16... e5 {Jakovenko has the feeling, that with a slight advantage in
development it makes sense for him to start the active operations in the
centre. The opening of the game will benefit Dreev, who enjoys the premium of
the bishop pair.} (16... dxc4 17. Rxd7 Nxd7 18. Qxd7 g5 19. Bg3 Rd8 20. Qe7 $16
) (16... Rfc8 17. f3 Ba6 $1 (17... R5c7 18. cxd5 Nxd5 19. Bg3 Rc5 20. Nxd5 Bxd5
21. O-O $14) 18. cxd5 Bxe2 19. Qxe2 Nxd5 20. Nxd5 exd5 $11) 17. Rd2 d4 (17...
dxc4 18. Rxd7 Nxd7 19. Qxd7 Bc8 20. Qd1 f6 (20... Qxg2 21. Bf3 Qh3 22. Be7 $18)
21. O-O $16) 18. exd4 exd4 19. Rxd4 Bxg2 20. Rg1 Bh3 $2 {Black is nervous
about White's pressure along the g-file, but the retreat of the bishop is
helping his opponent. The counterplay with 20...Re8!? would leave the outcome
of the game rather open.} (20... Re8 $5 21. Rxd7 Nxd7 22. Qxd7 Bf3 23. Bf6 g6
24. Rg3 Bxe2 25. Nxe2 Qc6 $11) (20... Qb7 21. Qd3 g6 $13) 21. Rd6 (21. b4 $1
Re5 (21... Rc6 22. Qd3 Be6 23. Bxf6 Nxf6 24. Bf3 $16) 22. Bxf6 Nxf6 23. Qd3 Bf5
(23... Bg4 24. Qg3 Qf3 25. Rxg4 Qxg4 26. Qxg4 Nxg4 27. Rxg4 $16) 24. Qg3 Rxe2+
25. Kxe2 Re8+ 26. Kd2 $16) 21... Rc6 (21... Kh8 22. Qd4 Rc6 23. Ne4 (23. Rxd7
Bxd7 24. Bxf6 Rxf6 25. Qxd7 Rd8 $14) 23... Rxd6 24. Nxd6 $14) 22. Qd4 Rxd6 23.
Qxd6 {[%mdl 2048] In this version Black has no counterweight to the activity
of the opposing pieces. White's bishops are really dangerous.} Be6 (23... Qb8
24. Nb5 Qxd6 25. Nxd6 Rd8 26. f4 $16) 24. Qd4 (24. Qg3 g6 25. Qf4 Qb8 26. Qxb8
Rxb8 27. Nb5 $14) 24... Kh8 25. f3 Rg8 26. Kf2 Bf5 27. Nb5 $1 (27. Nd5 Nxd5 28.
cxd5 f6 29. Rc1 $14) 27... Bg6 28. Nd6 {The disparity in the activity of the
pieces becomes overwhelming, Jakovenko has to fight for his life.} Qf8 (28...
Qc6 29. Rd1 $16) 29. Re1 (29. b4 Qe7 30. Rd1 $16) 29... Ne8 30. Nc8 Nef6 31.
Nd6 Ne8 32. Nxe8 $1 {Even though without enthusiasm White has realised that
the exchange of the knights will open for him the door to his opponent's
position with decisive effect.} Qxe8 33. Bd3 (33. Bf1 $5 Qc8 34. b4 Re8 35.
Rxe8+ Qxe8 36. c5 $16) 33... Qc8 34. Bxg6 fxg6 (34... hxg6 35. Re7 Nc5 36. Rxf7
$18) 35. Re7 Nc5 36. b4 Ne6 37. Qe4 Re8 38. Qb7 Nd4 (38... Qxb7 $2 39. Rxe8+
Nf8 40. Rxf8#) 39. Bf6 $1 {Such little combinations are the salt of the game
of chess. Black's defence is stretched to the limit.} Nf5 (39... gxf6 40. Rxh7+
$18) (39... Rxe7 40. Qxc8+ $18) 40. Rxg7 Qxb7 41. Rxb7+ Kg8 42. Rxa7 Rc8 43. c5
bxc5 44. b5 Nd6 45. a4 {Black graciously admitted that his hopes for
counterplay had failed.} (45. a4 c4 46. Be5 Nf7 47. Bc3 Rb8 48. b6 Rxb6 49.
Ra8+ $18) 1-0

[Event "RUS-ch Superfinal 60th"]
[Site "Moscow"]
[Date "2007.12.19"]
[Round "2"]
[White "Morozevich, Alexander"]
[Black "Vitiugov, Nikita"]
[Result "0-1"]
[WhiteElo "2755"]
[BlackElo "2594"]
[Annotator "Vitiugov,N"]
[PlyCount "142"]
[EventDate "2007.12.18"]
[EventType "tourn"]
[EventRounds "11"]
[EventCountry "RUS"]
[EventCategory "17"]
[SourceTitle "CBM 122"]
[Source "ChessBase"]
[SourceDate "2008.01.30"]
[SourceVersion "1"]
[SourceVersionDate "2008.01.30"]
[SourceQuality "1"]

{It was my second game against a 2700+ GM, and I could hardly be optimistic
about this game - my play in first round was too lacklustre.} 1. e4 c5 2. Nf3
e6 3. d4 cxd4 4. Nxd4 Nc6 5. Nc3 Qc7 6. Be3 a6 7. Qd2 Nf6 8. f3 {A little
trick.} Ne5 ({Now after} 8... Bb4 $6 9. a3 Be7 10. g4 $36 {White gets the
initiative}) 9. O-O-O Bb4 10. Nb3 b5 11. Kb1 $6 {In my opinion, this is not
the best continuation .} ({A year ago Svidler played another move against me:} 
11. Qe1) (11. Bd4) 11... Nc4 12. Bxc4 bxc4 13. Nc1 ({Recently} 13. Nd4 {
has been very popular, but here too Black has counterplay:} Rb8 14. Ka1 O-O 15.
g4 d6 16. h4 e5 17. Nf5 Bxf5 18. gxf5 d5 $1 $36 {0-1 Korneev,O-Vehi Bach,V/
Seville 2007}) 13... Rb8 14. Ka1 (14. Bf4 {leads to other pawn structures:} e5
(14... Bxc3 $2 15. Bxc7 Rxb2+ 16. Ka1 Rxc2+ 17. Qxc3 Rxc3 18. Kb2 $14) 15. Bg5
Qb6 16. N1e2 O-O 17. Bxf6 Ba3 18. b3 Qxf6 19. Nd5 Qd8 20. f4 exf4 21. Qxf4 Bb7
22. Ng3 Bxd5 23. Rxd5 Rb6 24. Rhd1 $36 {1-0 Cheparinov,I-Pelletier,Y/Crete 2007
}) 14... O-O 15. Bf4 (15. N1e2 $5) 15... e5 16. Bg5 {In this variation Black
has an additional opportunity to save the knight from exchange, and he uses
this opportunity.} Ne8 17. N1e2 ({In the event of} 17. a3 {Black should play}
Bxc3 ({but not} 17... Bxa3 $2 18. bxa3 Qb6 19. Nd3 $1 {and White defends
successfully:} cxd3 20. Rb1 Qd6 21. Rxb8 Qxb8 22. Be7 $16) (17... a5 $2 18.
axb4 axb4 19. N3a2 $18) 18. Qxc3 f5 $1 $132) 17... d6 18. a3 {An attempt to
clarify the situation.} a5 {But Black keeps the tension.} ({Though, he had a
quieter move:} 18... Ba5 $5) 19. Qc1 ({Too dangerous is} 19. axb4 $6 axb4 20.
Na2 (20. Na4 $2 Bd7 21. b3 Bxa4 22. bxa4 Qa5 23. c3 Qxa4+ 24. Qa2 Qc6 $40) {
and here Black can choose between attempting an attack} 20... Qa5 $44 ({
or forcing a draw immediately:} 20... Be6 21. Nxb4 Ra8+ 22. Kb1 Qa5 23. c3 Qa1+
24. Kc2 Qa4+ $11) 21. Be7 $2 Be6 22. Nec1 Ra8 23. Qe2 c3 24. Rd5 Bxd5 25. exd5
Nc7 $40) (19. g4 $5) 19... Be6 20. Na2 {A slow move, after which Black takes
over the initiative.} (20. g4 $5) 20... f5 $15 21. Nec3 (21. exf5 Rxf5 22. Bd2
Qa7 23. Be3 Bc5 24. Bxc5 Qxc5 $15 {appeared in the game Borisek,J-Delchev,A/
Nova Gorica 2005.}) 21... Qb7 22. Rhf1 $2 {I cannot understand how I came to
that decision!} (22. axb4 axb4 23. Nd5 Ra8 24. b3 fxe4 25. fxe4 Bxd5 26. Rxd5
Rf2 $40) ({Maybe} 22. Be3 $5 {was stronger.}) 22... Bc5 23. Rfe1 f4 $1 $17 {
A strong move thanks to which Black gets many important squares.} 24. Re2 Rf7
25. Bh4 Qa7 ({It was mistaken to allow White the chance to sacrifice the
exchange:} 25... Be3 $6 26. Rxe3 fxe3 27. Re1 $15) {White is forced to retreat
the rook to a square which is not the best, because he has no alternative.} 26.
Rde1 (26. Rf1 Rfb7 27. Nd1 c3 $1 $17) 26... Rfb7 27. Nd1 Nc7 {Having gradually
mobilised all his pieces, Black is now ready for the decisive attack.} 28. Bf2
$2 {A blunder in a very difficult position.} ({It is hard to believe, but
White holds the position after} 28. Nac3 Bd4 $17) 28... Bxf2 29. Rxf2 Rxb2 30.
Qxb2 Rxb2 31. Kxb2 Nb5 32. c3 $8 ({After} 32. a4 c3+ 33. Ka1 Bxa2 34. axb5 Bc4
$19 {White is totally paralysed.}) 32... Qb6 33. Kc1 Nxa3 34. Rb2 Nb5 $19 {
The winning plan for Black is simple - to move a knight or bishop to b3, to
push the a-pawn and open play in the centre or on the kingside at the proper
moment.} 35. Kb1 Qc5 36. h3 Bd7 37. Ree2 Kf7 38. Red2 Bc6 39. Nc1 Ke7 40. Ra2
Qa7 41. Ne2 Nc7 42. Nb2 Bb5 43. Nc1 Ne6 44. Ra3 Qb6 45. Nd1 Nc5 46. Rb2 a4 47.
Rb4 Nb3 48. Ne2 {Getting the position to look as similar as possible to a
fortress.} (48. Raxa4 {lost immediately after} Qg1 49. Rxb5 Qxd1 50. Rxc4 Nd2+
$19) 48... Qc5 49. Ra2 d5 {After this breakthrough White's position is
destroyed.} 50. exd5 Qxd5 51. Nf2 Bd7 52. Kb2 (52. Rc2 a3 $19) 52... Nc5 53.
Ka3 Na6 54. Rab2 Nxb4 55. cxb4 Bf5 56. Nc3 Qd4 57. Nfd1 ({The blockading motif
doesn't work because of} 57. Nfe4 Bxe4 58. Nxe4 c3 59. Rc2 Qd1 $19) 57... Kd8
58. b5 Kc7 {White's pawn is not fated to become a queen and I don't think that
the last part of this game deserves any comments.} 59. Kxa4 e4 60. fxe4 Bxe4
61. Kb4 g5 62. Ra2 h5 63. Ra6 Bxg2 64. Rh6 g4 65. hxg4 hxg4 66. Ka5 g3 67. Rh7+
Kc8 68. b6 Bf3 69. Rc7+ Kd8 70. Na4 Qxd1 71. Nc5 Qe1+ 0-1

[Event "RUS-ch Superfinal 60th"]
[Site "Moscow"]
[Date "2007.12.19"]
[Round "2"]
[White "Sakaev, Konstantin"]
[Black "Jakovenko, Dmitrij"]
[Result "1-0"]
[WhiteElo "2634"]
[BlackElo "2710"]
[Annotator "Ftacnik,L"]
[PlyCount "81"]
[EventDate "2007.12.18"]
[EventType "tourn"]
[EventRounds "11"]
[EventCountry "RUS"]
[EventCategory "17"]
[SourceTitle "CBM 122"]
[Source "ChessBase"]
[SourceDate "2008.01.30"]
[SourceVersion "1"]
[SourceVersionDate "2008.01.30"]
[SourceQuality "1"]

1. d4 Nf6 2. c4 e6 3. Nf3 b6 4. g3 Bb7 5. Bg2 Be7 6. O-O O-O 7. Nc3 Ne4 8. Bd2
f5 9. Qc2 Bf6 10. Rad1 Na6 11. d5 Nac5 {A real model for the clash of two
concepts. Jakovenko enjoys active pieces, solid control of the centre and so
far no weaknesses.} 12. e3 (12. Be1 Nxc3 13. Bxc3 Bxc3 14. Qxc3 Ne4 15. Qe5 d6
16. Qxe6+ Rf7 17. Nd4 Bc8 $17 {1-0 Grabliauskas,V (2395)-Macionis,A (2295)/
Vilnius 1995 (36)}) 12... a5 13. Nd4 Qe7 (13... exd5 14. Nxd5 Bxd5 15. cxd5 g6
16. Be1 Qe7 $13) 14. Nde2 {Sakaev decides on the patient plan with the
transfer of the dark-squared bishop to the diagonal a1-h8.} (14. Nxe4 $2 Nxe4
15. Bxe4 fxe4 16. Qxe4 exd5 17. Qxe7 Bxe7 $15) 14... Qf7 (14... Nd6 $5 15. dxe6
(15. b3 e5 $11) 15... Bxg2 16. Kxg2 dxe6 17. b3 Rfd8 18. Nd4 $11) 15. Bc1 Nxc3
(15... Rfe8 16. Nxe4 Nxe4 17. Nf4 Be5 $13) 16. Nxc3 Rae8 {Even though the
completion of the development is very desirable, Black had to concentrate also
on the concrete problems of the position.} (16... c6 $5 17. dxc6 Bxc6 18. Bxc6
dxc6 19. Na4 Nxa4 20. Qxa4 Qc7 21. e4 Rad8 $11) 17. Nb5 Bd8 (17... d6 18. dxe6
Rxe6 19. Bxb7 Nxb7 20. Qxf5 $14) (17... Be5 18. f4 Bd6 19. Nxd6 cxd6 20. dxe6
Qxe6 21. Bxb7 Nxb7 22. Qb3 Nc5 23. Qxb6 Ne4 $44) 18. b3 d6 (18... e5 $5) 19. a3
Ne4 $6 {If Jakovenko was willingly provoking his opponent into the typical
occupation of the centre he probably committed an error of judgement. The
dance of the black knight leaves the impression of helplessnes.} (19... exd5
20. Bxd5 Bxd5 21. cxd5 $14) 20. f3 Nc5 (20... Nf6 $2 21. dxe6 Rxe6 22. Qxf5 $16
) 21. b4 axb4 22. axb4 Nd7 23. e4 $1 {[%mdl 32] White's progress is obvious.
Sakaev could only have dreamed of being able to execute the plan with the
improvement of the position of his pieces and control of the centre.} fxe4 (
23... exd5 24. exd5 Ne5 25. Nd4 Qg6 26. f4 $16) 24. fxe4 Qg6 25. Nd4 (25. Bh3
Nf6 26. Bxe6+ Rxe6 27. dxe6 Re8 28. Nd4 $16) 25... Rxf1+ (25... exd5 26. Rxf8+
Rxf8 27. cxd5 $16) 26. Rxf1 Nf8 (26... exd5 27. cxd5 Ba6 28. Rf5 $16) 27. Bb2
Bc8 28. Qf2 Bd7 29. Ne2 {White belongs to the class of very strong strategic
players. This sometimes leads to the neglect of very useful tactics. The
artistic nature of the knight's transfer cannot compete with the impact of the
attractive advance 29.e5!? leading to opening of the centre.} (29. e5 $5 dxe5
30. Nf3 Bf6 31. Nxe5 Bxe5 32. Bxe5 exd5 33. Bxd5+ Be6 34. Bxc7 $16) 29... exd5
$6 (29... e5 $1 30. Nc3 h5 $14) 30. Nf4 Qf7 31. exd5 Ng6 $2 {Jakovenko is
failing to manage his defensive tasks at a high enough level. The move 31...
Bg5 would make things harder for White.} (31... Bg5 32. Qc2 $16) 32. Ne6 $1
Qxf2+ 33. Rxf2 Ne5 (33... Bxe6 34. dxe6 Nf8 35. Bd5 Nxe6 36. b5 h6 37. h4 Re7
38. Kg2 Kh7 39. Kh3 $16) 34. Bxe5 dxe5 (34... Bxe6 35. Bxd6 $16) 35. Nxd8 Rxd8
36. Ra2 Bf5 37. Ra7 Rd7 $2 {On d7 the rook would apparently occupy a more
active square, but for the purposes of the defence it was much better to grit
his teeth and put it on c8.} (37... Rc8 $1 38. Kf2 Kf8 39. c5 bxc5 40. bxc5 $14
) 38. Kf2 Bd3 $2 {Most likely time trouble combined with the feeling of giving
up. Nearly any sensible move was stronger.} (38... c5 39. Ra8+ Kf7 40. b5 $16)
(38... Kf8 39. c5 $16) 39. c5 (39. Bh3 $1 Rd8 (39... Re7 40. d6 $18) 40. Be6+
Kh8 41. Rxc7 $18) 39... bxc5 40. bxc5 Kf8 (40... Bf5 41. g4 Bxg4 42. c6 Rf7+
43. Kg3 Bf5 44. d6 $18) 41. d6 {The crisis was over and Black could find no
reason to continue with his futile resistance.} (41. d6 Rf7+ 42. Ke3 cxd6 43.
Ra8+ Ke7 44. cxd6+ Kxd6 45. Rd8+ Rd7 46. Rxd7+ Kxd7 47. Kxd3 $18) 1-0